| 000 | 00580nam a22001937a 4500 | ||
|---|---|---|---|
| 003 | 0 | ||
| 005 | 20241113171625.0 | ||
| 008 | 241113b xxu||||| |||| 00| 0 eng d | ||
| 020 | _a978-971-630-190-8 | ||
| 082 |
_aFIL 305.2309 _bK96 2015 |
||
| 100 | _aRemigio, Ompong | ||
| 245 |
_aKumilos tayo, kuya! _cRemigio Ompong; illustrated by Bunny Vivero. |
||
| 260 |
_aMakati City : _bTahanan Publishing, Inc., _cc2015. |
||
| 300 |
_a15 unnumbered pages : _bcol. ill. ; _c16 cm. |
||
| 650 | _aBoard books | ||
| 650 |
_aBrothers _vFiction |
||
| 650 |
_aPlay _vFiction |
||
| 942 |
_2ddc _cBK |
||
| 999 |
_c366699 _d366699 |
||